000 00439nam a2200217Ia 4500
001 000850
003 YMCAF
005 20230512160037.0
008 100717s1971 ||||||||||||||||| ||und|d
024 _a850
035 _a832
040 _aYMCAF
_beng
_cIN-KoLT
041 _aeng
082 _aELE-LEV
100 _aGrob, Beruard
245 0 _aBasic television
250 _a1970
260 _c1971
300 _a500
942 _2ddc
_cBK
999 _c665
_d665